| 000 | 00685nam a22002177a 4500 | ||
|---|---|---|---|
| 003 | OSt | ||
| 005 | 20140310181916.0 | ||
| 008 | 130716t xxu||||| |||| 00| 0 eng d | ||
| 020 | _a9780764135484 | ||
| 050 |
_aPE 1273 _b.B49 2007 |
||
| 082 |
_aTR 428.2 _bB45 2007 |
||
| 100 |
_aBeyer, Thomas R., Jr. _9927 |
||
| 245 |
_a501 English verbs : _bfully conjugated in all the tenses in a new, easy-to-learn format, alphabetically arranged / _cThomas R. Beyer, Jr. |
||
| 260 |
_aNew York : _bBarron's, _cc2007. |
||
| 300 |
_a648 p. : _c23 cm. |
||
| 521 | _aFaculty | ||
| 541 | _j1 | ||
| 562 | _e1 | ||
| 650 | _2English language--Verb--Tables. | ||
| 942 |
_2lcc _cBK-TR _kTR |
||
| 999 |
_c6756 _d6756 |
||